书目信息 |
| 题名: |
马克思“世界历史”理论与全球化
|
|
| 作者: | 丰子义 , 杨学功 著 | |
| 分册: | ||
| 出版信息: | 北京 人民出版社 2002 |
|
| 页数: | 331页 | |
| 开本: | 21cm | |
| 丛书名: | 马克思主义的当代价值 | |
| 单 册: | ||
| 中图分类: | A811.64 | |
| 科图分类: | ||
| 主题词: | 马克思著作研究--社会发展 | |
| 电子资源: | ||
| ISBN: | 7-01-003776-0 | |
| 000 | 00717nam2 2200229 45 | |
| 001 | 0402031409 | |
| 005 | 20040203144118.2 | |
| 010 | @a7-01-003776-0@dCNY19.00 | |
| 100 | @a20040203d2002 km y0chiy0120 ea | |
| 101 | 0 | @achi |
| 105 | @a z 000yy | |
| 200 | 1 | @a马克思“世界历史”理论与全球化@AMa Ke Si“Shi Jie Li Shi”Li Lun Yu Quan Qiu Hua@f丰子义,杨学功著@FFeng Zi Yi,Yang Xue Gong Zhu |
| 210 | @a北京@c人民出版社@d2002 | |
| 215 | @a331页@d21cm | |
| 225 | @a马克思主义的当代价值 | |
| 410 | @12001 @a马克思主义的当代价值 | |
| 606 | 0 | @a马克思著作研究@x社会发展 |
| 690 | @aA811.64@v4 | |
| 701 | 0 | @a丰子义@4著 |
| 701 | 0 | @a杨学功@4著 |
| 801 | @aCN@bTSTCL@c20040203 | |
| 905 | @b333629-633@dA811.64@e174@f5 | |
| 马克思“世界历史”理论与全球化/丰子义,杨学功著.-北京:人民出版社,2002 |
| 331页;21cm.-(马克思主义的当代价值) |
| ISBN 7-01-003776-0:CNY19.00 |
| ● |
| 相关链接 |
|
|
|
|
正题名:马克思"世界历史"理论与全球化
索取号:A811.64/174
 
预约/预借
| 序号 | 登录号 | 条形码 | 馆藏地/架位号 | 状态 | 备注 |
| 1 | 0333629 | 203336292 | 第一借阅区/ [索取号:A811.64/174] | 在馆 | |
| 2 | 0333630 | 203336309 | 第一借阅区/ [索取号:A811.64/174] | 在馆 | |
| 3 | 0333631 | 203336318 | 第一借阅区/ [索取号:A811.64/174] | 在馆 | |
| 4 | 0333632 | 203336327 | 第一借阅区/ [索取号:A811.64/174] | 在馆 | |
| 5 | 0333633 | 203336336 | 第一样本阅览室/ [索取号:A811.64/174] | 在馆 |